Open Data Biblioteca Nacional de Portugal


República Portuguesa: Ministério da Cultura
Biblioteca Nacional de Portugal

Catálogo da BNP: acesso por Identificadores Unívocos
Registos Bibliográficos associados ao registo de autoridade

Etiqueta de registo: 00000nam 2200025 450
001 1919637
003 http://id.bnportugal.gov.pt/bib/catbnp/1919637
100 ## $a20160113d2015 k y0pory01030103ba
101 0# $aeng$dpor
102 ## $aPT
105 ## $aa m 000yy
106 ## $ar
200 1# $aAscl 1 and MyT 1 transcriptional networks in vertebrate neurogenesis$fFrancisca Ferreira de Vasconcelos$gorient. Diogo S. Castro
210 #9 $aOeiras$c[s.n],$d2015
215 ## $a284 p.$cil.$d26 cm
320 ## $aContém bibliografia
328 #1 $aTese dout. Developmental Biology, Inst. de Tecnologia Química e Biológica António Xavier, Univ. Nova de Lisboa, 2015
675 ## $a577.2(043)$vBN$zpor$3342688
700 #1 $aVasconcelos,$bFrancisca Ferreira de$31632129
702 #1 $aCastro,$bDiogo S.$4727$31632120
801 #0 $aPT$bBN$gRPC
966 ## $lBN$mFGMON$sS.A. 160497 V.$x1

Etiqueta de registo: 00000nam 2200025 450
001 1963507
003 http://id.bnportugal.gov.pt/bib/catbnp/1963507
100 ## $a20170524d2016 k y0pory01030103ba
101 0# $aeng$dpor
102 ## $aPT
105 ## $ay m 000yy
106 ## $ar
200 1# $aZeb1 function and its transcriptional network$enetwork in Glioblastoma Multiforme$fPedro Mota Prego Rosmaninho$gorient. Diogo S. Castro, Stefan Momma
210 #9 $aOeiras$c[s.n.],$d2016
215 ## $a233 p.$d25 cm
328 #1 $aTese dout. Biologia Molecular, Inst. Tec. Química e Biológica António Xavier, Univ. Nova Lisboa, 2016
675 ## $a577.2(043)$vBN$zpor$3342688
675 ## $a612.82(043)$vBN$zpor$3337469
675 ## $a616.831-006(043)$vBN$zpor$31429968
700 #1 $aRosmaninho,$bPedro Mota Prego$31681783
702 #1 $aCastro,$bDiogo S.$4727$31632120
702 #1 $aMomma,$bStefan$4727$31681784
801 #0 $aPT$bBN$gRPC
966 ## $lBN$mFGMON$sS.A. 166033 V.$x1

Etiqueta de registo: 00254nam 2200025 450
001 2280370
003 http://id.bnportugal.gov.pt/bib/catbnp/2280370
100 ## $a20260316d2025 k y0pory01030103ba
101 0# $aeng$dpor
102 ## $aPT
105 ## $aa m 000yy
106 ## $ar
200 1# $aCharacterization and integration of the transcriptional programs downstream Ascl1 and Notch signaling during neurogenesis$einvestigating a cell-autonomous cross-talk between the two pathways$fAbeer Heskol$gsupervisor Diogo S. Castro, Gonçalo Castelo-Branco
210 #9 $aOeiras$c[s.n.],$d2025
215 ## $aXXXIII, 206 p.$cil.$d26 cm
300 ## $aAcesso não autorizado pelo período de 3 anos
328 #1 $aTese dout. Integrative Biology and Biomedicine, Instituto de Tecnologia Química e Biológica António Xavier, Universidade Nova de Lisboa, 2025
675 ## $a575.11(043)$vBN$zpor$31241576
675 ## $a612.82(043)$vBN$zpor$3337469
700 #1 $aHeskol,$bAbeer$31991448
702 #1 $aCastro,$bDiogo S.$4727$31632120
702 #1 $aCastelo Branco,$bGonçalo de Sá e Sousa de$4727$31872610
801 #0 $aPT$bBN$gRPC
966 ## $lBN$mFGMON$sS.A. 193380 V.$x1
971 ## $cssilva$d20260316
973 ## $cmlsousa$d20260326

OpendataBNP@bnportugal.pt | Mais informação sobre acesso aos dados BNP